Missing Word: Eddie Murphy Quiz Stats

 Plays Quiz Updated Sep 18, 2014

Challenge
Share
Tweet
Embed
Score 0/18 Timer 03:00
0 Plays Today
Eddie Murphy Movie Missing Word % Correct
_____ Day CareDaddy
96.6%
Beverly Hills ___Cop
95.9%
The _____ ProfessorNutty
93.3%
Trading ______Places
88.2%
Coming to _______America
85.9%
Dr. ________Dolittle
79%
Shrek Forever _____After
72.7%
The _______ MansionHaunted
68.8%
Shrek the _____Third
68.2%
Eddie Murphy Movie Missing Word % Correct
_______ 48 HoursAnother
63.1%
Harlem ______Nights
59.5%
Tower _____Heist
50.3%
The Golden _____Child
44.1%
_______ in BrooklynVampire
26.9%
____ DaveMeet
21.9%
The _____________ GentlemanDistinguished
17.7%
_______ ThatImagine
9.8%
Best _______Defense
6.6%

Today's Daily Dose

Missing Word
TV HA - HZ

Word Ladder
Nordic Capital

On This Day
January 19th II

You're not logged in!

Compare scores with friends on all Sporcle quizzes.
OR
Log In

You Might Also Like...

Show Comments

Extras

Top Quizzes Today


Score Distribution

Your Account Isn't Verified!

In order to create a playlist on Sporcle, you need to verify the email address you used during registration. Go to your Sporcle Settings to finish the process.

Report this User

Report this user for behavior that violates our Community Guidelines.

Details: